| Поле | Инд. | ПП | Название | Значение |
|---|---|---|---|---|
| Тип записи | a | |||
| Библиографический уровень | s | |||
| 001 | Контрольный номер | RU/IS/BASE/496249304 | ||
| 005 | Дата корректировки | 20251017153122.6 | ||
| 008 | Кодируемые данные | 20150922 | ||
| 022 | 0_ | a | ISSN | 2078-1040 |
| 084 | a | Индекс другой классификации/Индекс ББК | 30.69; 20.1 | |
| 090 | a | Полочн. индекс | Сводное описание журнала | |
| 245 | 10 | a | Заглавие | Твердые бытовые отходы |
| b | Продолж. заглавия | научно-практический журнал | ||
| c | Ответственность | учредитель: ООО ИД "Отраслевые ведомости" ; гл. ред. О. Шевелева | ||
| 246 | 00 | a | Другая форма заглавия | ТБО |
| 260 | b | Издательство | Отраслевые ведомости | |
| a | Место издания | Москва | ||
| 310 | a | Периодичность в н.в. | 12 раз в год | |
| 362 | 1_ | a | Даты публикации или номер тома | 2006 - 2019 |
| 500 | a | Примечание | Журнал, издается с 2005 года | |
| a | Примечание | Архив выпусков (оглавление, аннотации, избранные статьи) с 2005 г. на отраслевом портале: http://www.solidwaste.ru/magazine/archive.html, статьи - по подписке | ||
| 520 | 0_ | a | Аннотация | Журнал ориентирован на освещение вопросов, связанных с захоронением, рециклингом, утилизацией, сбором и транспортированием бытового мусора, также немало внимания уделяется обезвреживанию производственных, медицинских, опасных отходов, использованных автомобильных покрышек и резинотехнических изделий |
| 540 | b | Поставщик/Провайдер | Библиотека | |
| c | Источник права | печатная подписка | ||
| 540 | a | Правовые условия | Бесплатный доступ с регистрацией | |
| b | Поставщик/Провайдер | eLIBRARY | ||
| 540 | b | Поставщик/Провайдер | Библиотека | |
| c | Источник права | электронная подписка | ||
| 650 | 14 | a | Основная рубрика | экология; промышленная экология |
| 653 | 1_ | a | Ключевые слова | твердые бытовые отходы (ТБО) |
| 856 | 40 | a | Имя сервера/домена | Научная электронная библиотека eLIBRARY.RU |
| d | Путь | http://elibrary.ru | ||
| i | Указания/сценарий входа | Доступ после регистрации на компьютерах университета | ||
| u | URL | https://www.elibrary.ru/contents.asp?id=34420790 | ||
| y | Справочный текст | Электронная версия | ||
| z | Примечание для пользователя | Архив 2006 - 2019 гг. | ||
| 900 | a | Имя электронного ресурса | obl_tverdye_bytovye_othody | |
| x | Справочная информация | Обложка | ||
| 901 | t | Тип документа | u | |
| 952 | a | Тип литературы для КСУ ВШ | НЖ | |
| 991 | s | 6 |